(SPP) The Taming of the Shrew: Plot Quiz Stats

 Plays Quiz not verified by Sporcle

Challenge
Share
Tweet
Embed
Score 0/31 Timer 10:00
0 Plays Today
Hint Answer % Correct
1:1:57Katherina
86%
1:1:1, 2Padua
83.3%
2:1:8-12'of all the men alive I never yet beheld that special face Which I could fancy more than any other' i.e. neither
81.3%
1:1:1ff.Lucentio
79.3%
3:2:1-245The wedding
78%
5:2:146-189Katherina
78%
3:1:30-85A. Lucentio
77.3%
1:2:47-55A wife
76.7%
2:1:374-382Tranio (in the place of Lucentio)
76%
1:1:105-142A husband
75.3%
2:1:290, 291The wedding
75.3%
1:1:71, 187-190Tutor
74%
1:1:48Baptista
73.3%
1:1:195-217His servant Tranio
73.3%
2:1:183-194Kate
73.3%
5:2:50-130Petruchio's
71.3%
Hint Answer % Correct
Induction 1:30-97Sly
70.7%
1:2:62-70Wealth
70.7%
1:2:214-277Tranio
70.7%
4:5:1-23The moon
70%
2:1:397-404Lucentio's supposed father, Vincentio
69.3%
4:1:173-196Sleep
68%
4:4:75-105Elope
68%
5:1:94-129Kiss
66.7%
4:2:82Death
64.7%
Induction 2:125-138The play, Taming of the Shrew
64%
2:1:140-150A lute
59.3%
3:1:30-80Latin
59.3%
5:1:1-100Arrested
51.3%
Induction 2:99ff.Prose
46%
4:3:190The sun
29.3%

You're not logged in!

Compare scores with friends on all Sporcle quizzes.
Join for Free
OR
Log In

You Might Also Like...

Show Comments

Extras

Top Quizzes Today


Score Distribution

Your Account Isn't Verified!

In order to create a playlist on Sporcle, you need to verify the email address you used during registration. Go to your Sporcle Settings to finish the process.

Report this User

Report this user for behavior that violates our Community Guidelines.

Details: